| 000 | 00948 a2200229 4500 | ||
|---|---|---|---|
| 999 |
_c9280 _d9280 |
||
| 020 | _a9781107173583 (hardback) | ||
| 050 | 0 | 0 | _aK3240.5JUD2017 |
| 100 |
_aMuller Amrei _eeditor |
||
| 245 | 0 | 0 |
_aJudicial dialogue and human rights / _c |
| 264 | 1 |
_aCambridge, United Kingdom ; _aNew York, NY : _bCambridge University Press, _c2017. |
|
| 300 | _aliv, 585 pages ; | ||
| 500 | _aIncludes bibliographical references (pages 543-553) and index. | ||
| 504 | _aIncludes bibliographical references (pages 543-553) and index. | ||
| 650 | 0 | _aInternational human rights courts. | |
| 650 | 0 | _aHuman rights. | |
| 650 | 0 | _aCommunication in law. | |
| 650 | 0 | _aJudicial process. | |
| 700 | 1 |
_a _eeditor. |
|
| 700 | 1 |
_aKjos, Hege Elisabeth, _eeditor. |
|
| 942 |
_2lcc _cBK _h3240.5 _iJUD _kK |
||